Louis rukeyser's business almanac

Đã lưu trong:
Bibliografiske detaljer
Hovedforfatter: Rukeyser, Louis
Format: Bog
Sprog:Undetermined
Udgivet: New York Simon And Schuster 1988
Fag:
Tags: Tilføj Tag
Ingen Tags, Vær først til at tagge denne postø!
Thư viện lưu trữ: Trung tâm Học liệu Trường Đại học Cần Thơ
LEADER 00623nam a2200205Ia 4500
001 CTU_104731
008 210402s9999 xx 000 0 und d
020 |c 14.00 
082 |a 330.973 
082 |b R934 
100 |a Rukeyser, Louis 
245 0 |a Louis rukeyser's business almanac 
245 0 |c Louis Rukeyser 
260 |a New York 
260 |b Simon And Schuster 
260 |c 1988 
650 |a Industrial policy,Finance,Chính sách công nghiệp,Tài chính 
650 |z United States,United States,Hoa Kì,Hoa Kì 
904 |i Tuyến 
980 |a Trung tâm Học liệu Trường Đại học Cần Thơ